A guide to medicinal plants : (Record no. 5612)
[ view plain ]
| 000 -LEADER | |
|---|---|
| fixed length control field | 00942cam a22002417a 4500 |
| 001 - CONTROL NUMBER | |
| control field | BD-DhSAU 5612 |
| 003 - CONTROL NUMBER IDENTIFIER | |
| control field | BD-DhSAU |
| 005 - DATE AND TIME OF LATEST TRANSACTION | |
| control field | 20150416153524.0 |
| 008 - FIXED-LENGTH DATA ELEMENTS--GENERAL INFORMATION | |
| fixed length control field | 090914s2009 njua b 001 0 eng c |
| 020 ## - INTERNATIONAL STANDARD BOOK NUMBER | |
| International Standard Book Number | 9789812837097 (hbk.) |
| 040 ## - CATALOGING SOURCE | |
| Original cataloging agency | BD-DhSAU |
| 082 00 - DEWEY DECIMAL CLASSIFICATION NUMBER | |
| Classification number | 615.321 |
| Edition number | 22 |
| Item number | LIG |
| 100 1# - MAIN ENTRY--PERSONAL NAME | |
| Personal name | Koh, Hwee Ling. |
| 245 12 - TITLE STATEMENT | |
| Title | A guide to medicinal plants : |
| Remainder of title | an illustrated, scientific and medicinal approach / |
| Statement of responsibility, etc. | Koh Hwee Ling, Chua Tung Kian, Tan Chay Hoon ; other contributors: Johannes Murti Jaya ... [et al.] ; photographers: Chua Tung Kian ... [et al.]. |
| 260 ## - PUBLICATION, DISTRIBUTION, ETC. (IMPRINT) | |
| Place of publication, distribution, etc. | Hackensack, NJ : |
| Name of publisher, distributor, etc. | World Scientific Pub. , |
| Date of publication, distribution, etc. | c2009. |
| 300 ## - PHYSICAL DESCRIPTION | |
| Extent | xix, 292 p. : |
| Other physical details | col. ill. ; |
| Dimensions | 24 cm. |
| 504 ## - BIBLIOGRAPHY, ETC. NOTE | |
| Bibliography, etc | Includes bibliographical references (p. 172-247) and index. |
| 590 ## - Name of Cataloguer | |
| Name of Cataloger | imran |
| 650 #0 - SUBJECT ADDED ENTRY--TOPICAL TERM | |
| Topical term or geographic name as entry element | Medicinal plants |
| Geographic subdivision | Singapore |
| Form subdivision | Identification. |
| 650 12 - SUBJECT ADDED ENTRY--TOPICAL TERM | |
| Topical term or geographic name as entry element | Plants, Medicinal |
| Geographic subdivision | Singapore. |
| 700 1# - ADDED ENTRY--PERSONAL NAME | |
| Personal name | Chua, Tung Kian. |
| 700 1# - ADDED ENTRY--PERSONAL NAME | |
| Personal name | Tan, Chay Hoon. |
| 942 ## - ADDED ENTRY ELEMENTS (KOHA) | |
| Source of classification or shelving scheme | Dewey Decimal Classification |
| Koha item type | Book |
| Withdrawn status | Lost status | Source of classification or shelving scheme | Damaged status | Not for loan | Collection code | Home library | Branch Name | Shelving location | Date acquired | Total Checkouts | Full call number | Barcode | Date last seen | Price effective from | Koha item type |
|---|---|---|---|---|---|---|---|---|---|---|---|---|---|---|---|
| Dewey Decimal Classification | Not For Loan | Reference | SAU Library | SAU Library | Reference | 11/10/2009 | 615.321 LIG | 36149 | 16/04/2015 | 16/04/2015 | Book |
